| 000 | 00658nac a22001571u 4500 | ||
|---|---|---|---|
| 008 | 100914t xxu||||| |||| 00| 0 eng d | ||
| 020 | _a8188458031 | ||
| 082 |
_a629.8 _bSAE |
||
| 100 |
_aSaeed ,S.Hasan. _919087 |
||
| 245 |
_aAutomatic Control Systems : _bWith Matlab Programs / _cBy Syed Hasan Saeed |
||
| 260 |
_aNew Delhi: _bS.K.Kataria and Sons, _cc.2006. |
||
| 300 |
_a659 p. : _bill. ; _c25cm. |
||
| 650 |
_acontrol systems. _919088 |
||
| 942 |
_cBB _k629.8SAE _2ddc |
||
| 999 |
_c2851 _d2851 |
||